| 000 | 00836nam a2200265 4500 | ||
|---|---|---|---|
| 001 | 16937 | ||
| 003 | ES-MaACL | ||
| 005 | 20250807012153.0 | ||
| 007 | t| | ||
| 008 | 001124s19860000sp a ||||0| spa d | ||
| 016 | 7 | _zIBH8705216872 | |
| 020 | _a84-398-6553-8 | ||
| 040 |
_aIBH _bspa _cM-BN-DP |
||
| 080 | _a75 Monzón, Felo | ||
| 100 | 1 |
_aMonzón, Felo. _982775 |
|
| 245 | 1 | 0 |
_aFelo Monzón / _c[edición al cuidado de Lázaro Santana]. |
| 260 |
_a[Las Palmas de Gran Canaria : _bGobierno de Canarias, _c1986] |
||
| 300 |
_a123 p : _bil ; _c29 cm. |
||
| 500 | _aCon motivo del Día de Canarias, 30 de mayo de 1986. | ||
| 600 | 1 | 4 |
_aMonzón, Felo. _982775 |
| 700 | 0 |
_aSantana, Lázaro, _d1940- _9103324 |
|
| 710 | 1 |
_aCanarias. _bGobierno _9241613 |
|
| 852 |
_aES-MaACL _jG-3582 _bR.116060 |
||
| 999 |
_c16937 _d16937 |
||